000 00692nam a2200241 i 4500
001 92713
003 ES-MaACL
005 20231021062532.0
007 t|
008 050419s1990 sp ||||1| spa d
020 _a84-7223-190-9
080 _a821.111(73)-31"19"
100 1 _aUpdike, John.
_9112046
245 1 0 _aCorre, conejo /
_cJohn Updike ; traducción de Jordi Fibla.
250 _a1ª ed.
260 _aBarcelona :
_bTusquets,
_c1990.
300 _a366 p. ;
_c22 cm.
490 1 _aColección Andanzas ;
_v128
700 1 _aFibla, Jordi.
_950670
830 0 0 _aColección Andanzas
_v128
_9234359
852 _aES-MaACL
_jE-11010
_bR.134969
999 _c92713
_d92713